000 00219nam a2200085Ia 4500
245 0 _aSecret celebrity
100 _a EWING, Deborah London, 2009
_970528
942 _cBK
008 210817s9999 xx 000 0 und d
999 _c304414
_d304413